| 000 | 00488nam a2200217Ia 4500 | ||
|---|---|---|---|
| 008 | 210210b1944 xxu||||| |||| 00| 0 eng d | ||
| 041 | _aeng | ||
| 082 | _a590/164 | ||
| 100 | _aJACOB (P K) | ||
| 245 | _aGuide to elementary zoology and human phsiology | ||
| 260 |
_aTinnevelly _b- _c1944 |
||
| 650 | _azoology | ||
| 650 | _ato | ||
| 650 | _aphsiology | ||
| 650 | _ahuman | ||
| 650 | _aGuide | ||
| 650 | _aelementary | ||
| 650 | _aand | ||
| 690 | _aZoology | ||
| 906 | _a010736 | ||
| 999 |
_c138522 _d138522 |
||